000 00800cad a22002055a 4500
001 E154418
008 110811e20111124xxk 000 0 eng d
035 _a(Sirsi) u154418
041 0 _aeng
110 2 _aCouncil of Mortgage Lenders
_95903
245 0 0 _aIncrease for Scottish mortgage lending in third quarter of 2011
_h[electronic resource]
260 _c2011
490 _aCML Press Release
_v24 November 2011
520 _aLending to Scottish home buyers rose by 8% in the Q3 2011, with 12 400 loans for house purchase awarded, compared with 11 500 in Q2 2011.
590 _aKA
651 4 _aScotland
_y1999-
690 _aPROPERTY-ACQUISITION AND DISPOSAL OF PROPERTY
856 4 0 _uhttps://www.cml.org.uk/cml/media/press/3098
_zView this item free of charge at www.cml.org.uk
942 _n0
999 _c83607
_d83607